Statistics for NBA 2K17 Highest-Rated Player by Team

Click here to take the quiz!

General Stats

  • This quiz has been taken 25,351 times
  • The average score is 24 of 34

Answer Stats

RatingTeamPlayer% Correct
96CavaliersLeBron James
100%
94WarriorsStephen Curry
99%
93ThunderRussell Westbrook
97%
90RocketsJames Harden
95%
91ClippersChris Paul
94%
90PelicansAnthony Davis
93%
93SpursKawhi Leonard
93%
90PacersPaul George
92%
89TrailblazersDamian Lillard
91%
89WizardsJohn Wall
90%
88KnicksCarmelo Anthony
88%
90KingsDeMarcus Cousins
86%
88BullsJimmy Butler
86%
88TimberwolvesKarl-Anthony Towns
86%
87RaptorsDeMar DeRozan
85%
85GrizzliesMarc Gasol
79%
85HornetsKemba Walker
76%
87PistonsAndre Drummond
74%
84MavericksDirk Nowitzki
74%
83BucksGiannis Antetokounmpo
72%
85GrizzliesMike Conley Jr.
71%
84CelticsIsaiah Thomas
67%
86HawksPaul Millsap
62%
84CelticsAl Horford
60%
86Heat *Chris Bosh
58%
81NetsBrook Lopez
57%
79LakersD'Angelo Russell
53%
85SunsEric Bledsoe
47%
7976ersBen Simmons
45%
80MagicNikola Vucevic
38%
85JazzDerrick Favors
32%
7976ersJahlil Okafor
30%
80NuggetsKenneth Faried
26%
80NuggetsDanilo Gallinari
25%

Score Distribution

Percentile by Number Answered

Percent of People with Each Score

Your Score History

You have not taken this quiz